Tư liệu kinh tế các nước thành viên ASEAN

Сохранить в:
Библиографические подробности
Главный автор: Tổng cục thống kê
Формат:
Язык:Vietnamese
Опубликовано: Tổng cục thống kê 2001
Метки: Добавить метку
Нет меток, Требуется 1-ая метка записи!
Thư viện lưu trữ: Mạng thư viện Đại học Đà Nẵng
LEADER 00668nam a2200253 4500
001 000020320
003 16765
005 20150316090338.0
008 150316s2001 viesd
020 |c 80000 
041 0 |a vie 
082 1 4 |a 330.959  |b TÔN 
100 1 |a Tổng cục thống kê 
245 1 0 |a Tư liệu kinh tế các nước thành viên ASEAN  |c Tổng cục thống kê 
260 |b Tổng cục thống kê  |c 2001 
300 |a tr.  |c cm. 
OWN |a LSP 
999 |a From the UDN01 
TYP |a Monograph 
TYP |a Printed language 
980 |a Mạng thư viện Đại học Đà Nẵng